| 000 | 01340nam0a22002531 4500 | ||
|---|---|---|---|
| 001 | rc\4985284 | ||
| 005 | 20250613054012.0 | ||
| 035 | _a(NLR Aleph) 008969725 | ||
| 090 |
_a9116967 _c9116967 |
||
| 100 | _a20130430d1962 |||y0rusy50 ca | ||
| 101 | 0 | _arus | |
| 102 | _aRU | ||
| 105 | _ay z ||||| | ||
| 200 | 1 |
_aПерспективы развития землеройной техники _fГос. ком. Совета Министров СССР по автоматизации и машиностроению. Упр. по автоматизации и оборудованию для пром-сти строит. материалов и строит. индустрии. Отраслевое совещание по строит. и дорожному машиностроению и оборудованию для производства строит. материалов г. Одесса, май 1962 |
|
| 210 |
_aМосква _cБ. и. _d1962 |
||
| 215 |
_a18 с. _d22 |
||
| 300 | _aПеред загл. авт.: Канд. техн. наук В.А. Ряхин | ||
| 333 | _aРассылается по списку. Экз. № 00009 | ||
| 700 | 1 |
_aРяхин _bВ.А. _gВиктор Александрович |
|
| 801 | 0 |
_aRU _bNLR _gpsbo |
|
| 801 | 1 |
_aRU _bELAR _2rusmarc |
|
| 852 |
_aNLR _j62-6/6037 |
||
| 942 | _cBOOK | ||
| 980 | _aNB | ||